<?xml version="1.0" encoding="UTF-8"?>
<record
    xmlns:xsi="http://www.w3.org/2001/XMLSchema-instance"
    xsi:schemaLocation="http://www.loc.gov/MARC21/slim http://www.loc.gov/standards/marcxml/schema/MARC21slim.xsd"
    xmlns="http://www.loc.gov/MARC21/slim">

  <leader>01021cam a22002651  4500</leader>
  <controlfield tag="001">ne 68000194 </controlfield>
  <controlfield tag="003">DLC</controlfield>
  <controlfield tag="005">20260227111836.0</controlfield>
  <controlfield tag="008">900710s1966    ua       b    000 0 arar </controlfield>
  <datafield tag="010" ind1=" " ind2=" ">
    <subfield code="a">ne 68000194 </subfield>
  </datafield>
  <datafield tag="025" ind1=" " ind2=" ">
    <subfield code="a">PL480:UAR-8684</subfield>
  </datafield>
  <datafield tag="035" ind1=" " ind2=" ">
    <subfield code="a">(OCoLC)21985158</subfield>
  </datafield>
  <datafield tag="040" ind1=" " ind2=" ">
    <subfield code="a">DLC</subfield>
    <subfield code="c">WaU</subfield>
    <subfield code="d">WaU</subfield>
    <subfield code="d">DLC</subfield>
  </datafield>
  <datafield tag="042" ind1=" " ind2=" ">
    <subfield code="a">premarc</subfield>
  </datafield>
  <datafield tag="050" ind1="0" ind2="0">
    <subfield code="a">BP134.M3</subfield>
    <subfield code="b">I4</subfield>
  </datafield>
  <datafield tag="100" ind1="1" ind2=" ">
    <subfield code="a">&#x2BB;Amm&#x101;r&#x12B;, &#x2BB;Al&#x12B; Mu&#x1E25;ammad &#x1E24;asan.</subfield>
  </datafield>
  <datafield tag="245" ind1="1" ind2="3">
    <subfield code="a">al-Qur&#x2BC;&#x101;n wa-al-&#x1E6D;ab&#x101;&#x2BC;i&#x2BB; al-nafs&#x12B;yah,</subfield>
    <subfield code="c">ta&#x2BC;l&#x12B;f &#x2BB;Al&#x12B; Mu&#x1E25;ammad &#x1E24;asan al-&#x2BB;Im&#x101;r&#x12B;.</subfield>
  </datafield>
  <datafield tag="260" ind1=" " ind2=" ">
    <subfield code="a">[al-Q&#x101;hirah]</subfield>
    <subfield code="c">1966.</subfield>
  </datafield>
  <datafield tag="300" ind1=" " ind2=" ">
    <subfield code="a">244 p.</subfield>
    <subfield code="c">24 cm.</subfield>
  </datafield>
  <datafield tag="440" ind1=" " ind2="1">
    <subfield code="a">Majlis al-A&#x2BB;l&#xE1; lil-shu&#x2BC;&#x16B;n al-Isl&#x101;m&#x12B;yah. al-Lajnah al-&#x2BB;&#x100;mmah lil-Qur&#x2BC;&#x101;n wa-al-Sunnah. al-Kit&#x101;b,</subfield>
    <subfield code="v">2</subfield>
  </datafield>
  <datafield tag="500" ind1=" " ind2=" ">
    <subfield code="a">On cover: Lajnat al-Qur&#x2BC;&#x101;n wa-al-&#x1E24;ad&#x12B;th</subfield>
  </datafield>
  <datafield tag="504" ind1=" " ind2=" ">
    <subfield code="a">Bibliographical footnotes.</subfield>
  </datafield>
  <datafield tag="650" ind1=" " ind2="0">
    <subfield code="a">Theological anthropology</subfield>
    <subfield code="x">Islam</subfield>
  </datafield>
  <datafield tag="810" ind1="1" ind2=" ">
    <subfield code="a">United Arab Republic.</subfield>
    <subfield code="b">al-Majlis al-A&#x2BB;l&#x101; lil-Shu&#x2BC;&#x16B;n al-Isl&#x101;m&#x12B;yah.</subfield>
    <subfield code="b">al-Lajnah al-&#x2BB;&#x100;mmah lil-Qur&#x2BC;&#x101;n wa-al-Sunnah.</subfield>
    <subfield code="t">Kit&#x101;b ;</subfield>
    <subfield code="v">2.</subfield>
  </datafield>
  <datafield tag="999" ind1=" " ind2=" ">
    <subfield code="c">49957</subfield>
    <subfield code="d">49957</subfield>
  </datafield>
</record>
